Normal view
MARC view
- M. Monir
Entry Personal Name
001 - CONTROL NUMBER
- control field: 3885
003 - CONTROL NUMBER IDENTIFIER
- control field: OSt
005 - DATE AND TIME OF LATEST TRANSACTION
- control field: 20210215153645.0
008 - FIXED-LENGTH DATA ELEMENTS
- fixed length control field: 210215|| aca||aabn | a|a d
040 ## - CATALOGING SOURCE
- Original cataloging agency: OSt
- Transcribing agency: OSt
100 ## - HEADING--PERSONAL NAME
- Personal name: M. Monir
670 ## - SOURCE DATA FOUND
- Source citation: Work cat.: (OSt)2242: M. Monir , Principles of Digest of the Law of Evidence(Being a Commentary on the Indian Evidence Act of -1872 by M. Monir ) Vol-1,2, c 2004
